German Bundesland Capitals - Statistics

General Stats
  • This quiz has been taken 330 times
  • The average score is 13 of 16
Answer Stats
Hint Answer % Correct
Berlin Berlin
100%
Hamburg Hamburg
99%
Bavaria Munich
99%
Bremen Bremen
96%
Baden-Württemberg Stuttgart
88%
Saxony Dresden
85%
North Rhine-Westphalia Düsseldorf
85%
Schleswig-Holstein Kiel
81%
Saarland Saarbrücken
79%
Brandenburg Potsdam
75%
Lower Saxony Hannover
74%
Rhineland-Palatinate Mainz
63%
Thuringia Erfurt
62%
Hesse Wiesbaden
60%
Mecklenburg-Vorpommern Schwerin
59%
Saxony-Anhalt Magdeburg
57%
No matching quizzes found
Score Distribution
Percent of People with Each Score
Percentile by Number Answered
Your Score History
You have not taken this quiz